[Event "FRA-chT1B 0809"]
[Site "France"]
[Date "2008.10.19"]
[Round "1.4"]
[White "Picard, Romain"]
[Black "Alet, Jean Pierre"]
[Result "1/2-1/2"]
[WhiteElo "2371"]
[BlackElo "2179"]
[PlyCount "46"]
[EventDate "2008.10.19"]
[EventType "team-tourn"]
[EventRounds "11"]
[EventCountry "FRA"]
[SourceTitle "EXT 2010"]
[Source "ChessBase"]
[SourceDate "2010.11.25"]
[SourceVersion "1"]
[SourceVersionDate "2010.11.25"]
[SourceQuality "1"]
[WhiteTeam "Migne Auxances"]
[BlackTeam "Niort"]
[WhiteTeamCountry "FRA"]
[BlackTeamCountry "FRA"]

1. e4 Nf6 2. e5 Nd5 3. d4 d6 4. c4 Nb6 5. exd6 exd6 6. Nf3 Bg4 7. Be3 Nc6 8. Nc3 Be7 9. h3 Bh5 10. Bd3 0-0 11. g4 Bg6 12. Bxg6 fxg6 13. d5 Ne5 14. Nxe5 dxe5 15. Qb3 Nd7 16. Ne4 b6 17. 0-0-0 Nc5 18. Qc2 Nxe4 19. Qxe4 Bd6 20. h4 Qf6 21. Rh3 Bc5 22. Bxc5 bxc5 23. Rd2 Qd6 1/2-1/2

[Event "FRA-chT1A 0708"]
[Site "France"]
[Date "2007.12.16"]
[Round "5.5"]
[White "Crouan, Stephane"]
[Black "Alet, Jean Pierre"]
[Result "1/2-1/2"]
[WhiteElo "2207"]
[BlackElo "2192"]
[PlyCount "66"]
[EventDate "2007.10.21"]
[EventType "team"]
[EventRounds "11"]
[EventCountry "FRA"]
[SourceTitle "EXT 2009"]
[Source "ChessBase"]
[SourceDate "2008.11.26"]
[SourceVersion "1"]
[SourceVersionDate "2008.11.26"]
[SourceQuality "1"]
[WhiteTeam "Nantes"]
[BlackTeam "Niort"]
[WhiteTeamCountry "FRA"]
[BlackTeamCountry "FRA"]

1. e4 Nf6 2. e5 Nd5 3. d4 d6 4. Nf3 g6 5. c4 Nb6 6. Be2 Bg7 7. 0-0 0-0 8. Nc3 Nc6 9. exd6 cxd6 10. d5 Na5 11. Nd4 Naxc4 12. b3 Ne5 13. a4 e6 14. f4 Nxd5 15. Nxd5 exd5 16. fxe5 dxe5 17. Nb5 a6 18. Na3 Be6 19. Bb2 Qd7 20. Qd2 d4 21. Nc4 Rad8 22. a5 f5 23. Nb6 Qf7 24. Bc4 e4 25. Rac1 h5 26. Bxe6 Qxe6 27. Rc7 Qxb3 28. Rxb7 e3 29. Rxg7+ Kxg7 30. Bxd4+ Kh7 31. Qxe3 Qxe3+ 32. Bxe3 Rd3 33. Bg5 Re8 1/2-1/2

[Event "Avoine op 22nd"]
[Site "Avoine"]
[Date "2007.07.22"]
[Round "2"]
[White "Alet, Jean Pierre"]
[Black "Schmittdiel, Eckhard"]
[Result "0-1"]
[WhiteElo "2183"]
[BlackElo "2436"]
[PlyCount "57"]
[EventDate "2007.07.21"]
[EventType "swiss"]
[EventRounds "9"]
[EventCountry "FRA"]
[SourceTitle "EXT 2010"]
[Source "ChessBase"]
[SourceDate "2010.11.25"]
[SourceVersion "1"]
[SourceVersionDate "2010.11.25"]
[SourceQuality "1"]

1. d4 e6 2. c4 f5 3. g3 Nf6 4. Bg2 c6 5. Nf3 d5 6. 0-0 Bd6 7. Nbd2 Nbd7 8. b3 0-0 9. Bb2 Ng4 10. e3 b6 11. Ne1 Qg5 12. Ndf3 Qh6 13. Nd3 Ba6 14. Nde5 Ngxe5 15. dxe5 Bc7 16. Qc2 Rac8 17. Rfd1 Rfd8 18. Bf1 Bb7 19. Bg2 g5 20. h3 g4 21. hxg4 fxg4 22. Nh2 Qg5 23. Rd4 Nxe5 24. f4 gxf3 25. Nxf3 Qxg3 26. Nxe5 Bxe5 27. Rg4+ Qxg4 28. Bxe5 c5 29. Rf1 0-1

[Event "Avoine op 20th"]
[Site "Avoine"]
[Date "2005.07.29"]
[Round "6"]
[White "Simon, Olivier"]
[Black "Alet, Jean Pierre"]
[Result "1-0"]
[WhiteElo "2315"]
[BlackElo "2221"]
[PlyCount "141"]
[EventDate "2005.07.23"]
[EventType "swiss"]
[EventRounds "9"]
[EventCountry "FRA"]
[SourceTitle "EXT 2007"]
[Source "ChessBase"]
[SourceDate "2006.11.23"]
[SourceVersion "1"]
[SourceVersionDate "2006.11.23"]
[SourceQuality "1"]

1. e4 Nf6 2. e5 Nd5 3. c4 Nb6 4. d4 d6 5. f4 dxe5 6. fxe5 Nc6 7. Be3 Bf5 8. Nc3 e6 9. Be2 Bb4 10. Nf3 Na5 11. c5 Nd5 12. Bd2 Bxc3 13. bxc3 Nc6 14. 0-0 0-0 15. c4 Ndb4 16. Bxb4 Nxb4 17. Qb3 Nc6 18. d5 Na5 19. Qc3 c6 20. Nd4 b6 21. Nxc6 Nxc6 22. dxc6 Be4 23. Bf3 Bxf3 24. Qxf3 Qd4+ 25. Qf2 Qxf2+ 26. Rxf2 Rac8 27. cxb6 axb6 28. Rd1 Rxc6 29. Rd6 Rxc4 30. Rxb6 Rc5 31. Re2 g6 32. h3 Rfc8 33. Rb7 Rc2 34. Rb2 Rc1+ 35. Kh2 Kg7 36. Rb7 h5 37. Rf2 R8c7 38. Rxc7 Rxc7 39. a4 Ra7 40. Ra2 Ra5 41. Kg3 Kf8 42. Kf4 Ke7 43. Ra3 Ke8 44. Ke4 Ke7 45. Kd4 Kd7 46. g3 Ke7 47. Kc4 Kd8 48. Kd4 Kc8 49. Rc3+ Kb7 50. Rc4 Kb6 51. Ke4 Kb7 52. Kf4 g5+ 53. Ke4 Rd5 54. Rd4 Rc5 55. h4 gxh4 56. gxh4 Rc3 57. Kf4 Rh3 58. Kg5 Re3 59. Kxh5 Rxe5+ 60. Kg4 Re1 61. Rf4 f5+ 62. Kg5 Rg1+ 63. Kf6 Re1 64. h5 Rh1 65. Kg5 Kc6 66. Rh4 Rg1+ 67. Kf4 Kd5 68. h6 e5+ 69. Kxf5 Rf1+ 70. Kg6 Ke6 71. h7 1-0

[Event "Avoine op 20th"]
[Site "Avoine"]
[Date "2005.07.25"]
[Round "3"]
[White "Alet, Jean Pierre"]
[Black "Seret, Jean Luc"]
[Result "0-1"]
[WhiteElo "2221"]
[BlackElo "2377"]
[PlyCount "89"]
[EventDate "2005.07.23"]
[EventType "swiss"]
[EventRounds "9"]
[EventCountry "FRA"]
[SourceTitle "EXT 2007"]
[Source "ChessBase"]
[SourceDate "2006.11.23"]
[SourceVersion "1"]
[SourceVersionDate "2006.11.23"]
[SourceQuality "1"]

1. d4 d6 2. Nf3 g6 3. c3 Bg7 4. e4 Nf6 5. Bd3 0-0 6. 0-0 Nbd7 7. Re1 e5 8. Nbd2 Re8 9. Qc2 c6 10. a4 b6 11. b3 a6 12. Bb2 Qc7 13. Rad1 Bb7 14. dxe5 Nxe5 15. Nxe5 dxe5 16. b4 Bf8 17. Qb3 Bc8 18. Nf1 Be6 19. Bc4 Bxc4 20. Qxc4 b5 21. axb5 axb5 22. Qd3 Qc8 23. Bc1 Qe6 24. Bg5 Ra3 25. Ra1 Bxb4 26. Rxa3 Bxa3 27. Be3 Be7 28. Qc2 Ra8 29. Re2 Ng4 30. h3 Nxe3 31. Nxe3 Bc5 32. Qd3 Ra1+ 33. Kh2 h5 34. Rd2 Kg7 35. g3 Bxe3 36. Qxe3 Qc4 37. Re2 Rd1 38. f4 Rd3 39. Qf2 exf4 40. Qxf4 Rxc3 41. Rf2 Rc2 42. g4 Rxf2+ 43. Qxf2 hxg4 44. Qb2+ f6 45. e5 0-1

[Event "Avoine op 18th"]
[Site "Avoine"]
[Date "2003.07.24"]
[Round "6"]
[White "Murey, Jacob"]
[Black "Alet, Jean Pierre"]
[Result "1-0"]
[WhiteElo "2459"]
[BlackElo "2184"]
[PlyCount "61"]
[EventDate "2003.07.19"]
[EventType "swiss"]
[EventRounds "9"]
[EventCountry "FRA"]
[SourceTitle "CBM 095 Extra"]
[Source "ChessBase"]
[SourceDate "2003.09.04"]
[SourceVersion "1"]
[SourceVersionDate "2003.09.04"]
[SourceQuality "1"]

1. e4 Nf6 2. e5 Nd5 3. Nf3 d6 4. Bc4 c6 5. d4 Bg4 6. h3 Bh5 7. e6 fxe6 8. Nbd2 Nd7 9. Ne4 Qb6 10. c3 h6 11. Ng3 Bf7 12. 0-0 g5 13. Re1 Bg7 14. Bd2 Bf6 15. Bb3 Rh7 16. Ne4 0-0-0 17. Qc2 Rg7 18. c4 Nb4 19. Qc3 c5 20. Ba4 Nc6 21. Bxc6 Qxc6 22. b4 cxb4 23. Qxb4 Kb8 24. Nxf6 Nxf6 25. Rab1 g4 26. d5 Nxd5 27. cxd5 Qxd5 28. Bxh6 Rg6 29. Red1 Qc6 30. Ne5 Qc7 31. Rdc1 1-0

[Event "FRA-chT2W 0203"]
[Site "France"]
[Date "2002.10.13"]
[Round "1"]
[White "Alet, Jean Pierre"]
[Black "Flouzat, Jean Marc"]
[Result "0-1"]
[WhiteElo "2218"]
[BlackElo "2243"]
[PlyCount "64"]
[EventDate "2002.10.??"]
[EventType "team"]
[EventRounds "11"]
[EventCountry "FRA"]
[SourceTitle "EXT 2004"]
[Source "ChessBase"]
[SourceDate "2003.11.25"]
[SourceVersion "1"]
[SourceVersionDate "2003.11.25"]
[SourceQuality "1"]
[WhiteTeam "Poitiers Buxerolles"]
[BlackTeam "Clermont Ferrand"]
[WhiteTeamCountry "FRA"]
[BlackTeamCountry "FRA"]

1. e4 c6 2. d4 d5 3. exd5 cxd5 4. Bd3 Nc6 5. c3 Nf6 6. Bf4 Bg4 7. Qb3 Qd7 8. Nd2 e6 9. Ngf3 Bxf3 10. Nxf3 Bd6 11. Be5 Qc7 12. 0-0 Bxe5 13. Nxe5 Nxe5 14. dxe5 Nd7 15. f4 0-0 16. Qc2 g6 17. Rae1 b5 18. Rf3 Rfc8 19. Qf2 Qc5 20. Qxc5 Nxc5 21. Kf2 Nxd3+ 22. Rxd3 Rc4 23. g3 b4 24. Ree3 Rac8 25. cxb4 Rxb4 26. b3 h5 27. h4 Rb6 28. Re2 Kf8 29. Ke3 Rc1 30. Rb2 Rbc6 31. b4 Rg1 32. Kd2 Rg2+ 0-1

[Event "Avoine op 14th"]
[Site "Avoine"]
[Date "1999.??.??"]
[Round "7"]
[White "Alet, Jean Pierre"]
[Black "Ionescu, Cristian Dan"]
[Result "0-1"]
[WhiteElo "2217"]
[BlackElo "2292"]
[PlyCount "132"]
[EventDate "1999.07.??"]
[EventType "swiss"]
[EventRounds "9"]
[EventCountry "FRA"]
[SourceTitle "EXT 2000"]
[Source "ChessBase"]
[SourceDate "1999.11.16"]
[SourceVersion "1"]
[SourceVersionDate "1999.11.16"]
[SourceQuality "1"]

1. c4 Nf6 2. Nc3 c5 3. g3 e6 4. Nf3 b6 5. Bg2 Bb7 6. 0-0 a6 7. b3 d6 8. d4 cxd4 9. Nxd4 Bxg2 10. Kxg2 Qc8 11. Bb2 Qb7+ 12. f3 Nbd7 13. e4 Be7 14. Qe2 0-0 15. Rfe1 Rfe8 16. Rad1 Bf8 17. Ba3 Rac8 18. Bb2 g6 19. Kh1 Bg7 20. Kg2 Ne5 21. Kg1 h5 22. f4 Ned7 23. Nf3 Bf8 24. h3 Red8 25. Rd2 Rb8 26. e5 dxe5 27. fxe5 Nh7 28. Ne4 Bb4 29. Bc3 Bxc3 30. Nxc3 Qc7 31. Red1 b5 32. cxb5 Qxc3 33. Rxd7 Rxd7 34. Rxd7 axb5 35. Kg2 b4 36. Nd4 Nf8 37. Rd6 Ra8 38. Nc6 Qc5 39. Qd2 Kg7 40. h4 Nd7 41. Rxd7 Qxc6+ 42. Kh2 Qe4 43. Qf2 Qf5 44. Qxf5 Rxa2+ 45. Kg1 gxf5 46. Rd4 Re2 47. Rxb4 Rxe5 48. Kf2 Rc5 49. Rb7 Rc3 50. b4 Kf6 51. b5 Rb3 52. b6 e5 53. Rb8 e4 54. Rh8 f4 55. Rh6+ Kg7 56. Rxh5 fxg3+ 57. Kg2 Kg6 58. Re5 f5 59. b7 Rxb7 60. Kxg3 Rb3+ 61. Kf2 Rf3+ 62. Ke2 Kh5 63. Re8 Kxh4 64. Rh8+ Kg4 65. Rg8+ Kf4 66. Rh8 Ra3 0-1

[Event "Metz op 15th"]
[Site "Metz"]
[Date "1997.??.??"]
[Round "6"]
[White "Bauer, Christian"]
[Black "Alet, Jean Pierre"]
[Result "1-0"]
[WhiteElo "2505"]
[BlackElo "2180"]
[PlyCount "89"]
[EventDate "1997.04.??"]
[EventType "swiss"]
[EventRounds "9"]
[EventCountry "FRA"]
[SourceTitle "EXT 1999"]
[Source "ChessBase"]
[SourceDate "1998.11.16"]
[SourceVersion "1"]
[SourceVersionDate "1998.11.16"]
[SourceQuality "1"]

1. e4 c6 2. Nc3 d5 3. Nf3 Bg4 4. h3 Bxf3 5. Qxf3 Nf6 6. d3 e6 7. a3 Bd6 8. Qe2 Nbd7 9. g3 0-0 10. Bg2 a5 11. 0-0 b5 12. a4 d4 13. Nd1 e5 14. f4 Nc5 15. b3 Nfd7 16. f5 f6 17. h4 Nb6 18. Nb2 Nb7 19. Bf3 Bb4 20. Bh5 Nc5 21. Bg6 Bc3 22. Qh5 h6 23. g4 Ra7 24. axb5 cxb5 25. Kh1 Qa8 26. g5 Nxe4 27. dxe4 Qxe4+ 28. Qf3 Qxf3+ 29. Rxf3 hxg5 30. hxg5 a4 31. bxa4 bxa4 32. Ra2 Rfa8 33. Nd1 Nd5 34. Nxc3 Nxc3 35. Ra1 a3 36. Kg2 a2 37. gxf6 gxf6 38. Bb2 Rb7 39. Bxc3 dxc3 40. Rff1 Rd7 41. Kf3 Rd2 42. Rf2 Rd4 43. Rh2 Rb4 44. Rah1 Rf4+ 45. Ke3 1-0